00572 2200205 4500001002100000008004100021035002000062245008500082100002100167250001000188260001800198300002900216020002200245084001600267520002500283082001000308650002600318990001100344990001100355INLIS000000000015180 ind  a0010-1222000259 aMengenal Dan Menjaga Kesehatan PernafasancMuhammad Ridwan;editor; Ika Wijayanti aMUHAMMAD, Ridwan acet.1 bRomawi,c2017 av139 hlm.: ilus.c20 cm. a978-602-663-415-3 a613.7 MUH m aBibliografi.:hlm 139 a613.7 aKESEHATAN, PERNAFASAN a9819 a a9819 b